|
|
|
|
| LEADER |
00738nam a2200217 4500 |
| 001 |
c000073683 |
| 003 |
CARM |
| 005 |
00000000000000.0 |
| 008 |
700420s1969 nyu 00001 eng |
| 019 |
1 |
|
|a 249116
|5 LACONCORD2021
|
| 020 |
|
|
|a 39308597X
|
| 035 |
|
|
|a (OCoLC)65347
|5 LACONCORD2021
|
| 050 |
0 |
0 |
|a PZ4.K834
|b By3
|a PR6061.O6
|
| 100 |
1 |
|
|a Kops, Bernard,
|d 1926-
|
| 245 |
1 |
|
|a By the waters of Whitechapel.
|
| 260 |
|
|
|a New York,
|b Norton
|c [c1969]
|
| 300 |
|
|
|a 236 p.
|c 22 cm.
|
| 852 |
8 |
|
|b CARM
|h A2:AG37B0
|i B02876
|p 0131545
|f BK
|
| 082 |
0 |
4 |
|a 823/.9/14
|
| 999 |
f |
f |
|i 92f3b08a-27dd-5fdd-96dd-5f04f4ae4c8b
|s a8dcb583-08aa-5334-b356-34fcaedede7d
|
| 952 |
f |
f |
|p Can circulate
|a CAVAL
|b CAVAL
|c CAVAL
|d CARM 1 Store
|e B02876
|f A2:AG37B0
|h Other scheme
|i book
|m 0131545
|